000 00502nam a2200181Ia 4500
008 090123s9999 xx 000 0 und d
082 _b14084
_a891.463/देसाई
100 _aदेसाई रणजित
245 _aअभोगी
250 _a1
260 _bअजब प्रकाशन
300 _a244
600 _aदेसाई रणजित
630 _aअभोगी
700 _aदेसाई रणजित
730 _aअभोगी
942 _cBOOK
999 _c52146
_d52146